| 000 | 00398nam a2200145Ia 4500 | ||
|---|---|---|---|
| 008 | 240624s9999 xx 000 0 und d | ||
| 041 | _aeng | ||
| 082 | _a658.15224 ARN | ||
| 100 | _aARNOLD GLEN | ||
| 245 | _aHANDBOOK OF CORPORATE FINANCE A BUSINESS | ||
| 250 | _a(2nd ed.) | ||
| 260 |
_c2010 _aLondon _bFT Prentice Hall Financial Times |
||
| 300 | _axxv, : 784 : p. : cm. ; 24 | ||
| 365 |
_cRS _b30 |
||
| 999 |
_c19069 _d19069 |
||